Il nostro GG all'Avana /

Guardat en:
Dades bibliogràfiques
Autor principal: Gutiérrez, Pedro Juan (Autor)
Altres autors: Gibilisco, Tiziana
Format: Llibre
Idioma:italià
Publicat: Roma : E/O, [2005]
Col·lecció:Dal mondo
Etiquetes: Afegir etiqueta
Sense etiquetes, Sigues el primer a etiquetar aquest registre!

MARC

LEADER 00000nam a2200000 i 4500
001 IT\ICCU\LO1\1028128
003 ItRI
005 20251002152122.0
008 051128s2005 it |||||| ||||| |||||c
015 |2 IT  |a 2006-10359 
020 |a 887641682X 
040 |b ita  |c ct 
041 7 |a ita  |2 ISO-639-2 
082 |a 863.64  |2 21 
100 1 |a Gutiérrez, Pedro Juan  |0 IT\ICCU\CAGV\020681  |4 aut 
240 1 0 |a Nuestro GG en La Habana.  |9 Gutiérrez, Pedro Juan 
245 1 3 |a Il nostro GG all'Avana /  |c Pedro Juan Gutiérrez ; traduzione dallo spagnolo di Tiziana Gibilisco. 
260 |a Roma :  |b E/O,  |c [2005] 
300 |a 110 p. ;  |c 21 cm. 
700 1 |a Gibilisco, Tiziana  |0 IT\ICCU\UBOV\633756 
830 0 |a Dal mondo  |0 IT\ICCU\LO1\0350203 
942 |2 ddc  |c BK 
952 |0 0  |1 0  |2 ddc  |4 0  |6 B_LNR02GUTPENOS11  |7 0  |9 5815  |a MI  |b MI  |d 2006-03-17  |i 5114  |l 0  |o B-LNR02-GUTPE-NOS11  |p CDOM5114  |r 2025-07-13 16:28:00  |w 2025-07-13  |x ACQUISTO  |y BK 
999 |c 4644  |d 4644